A carregar...

Kissinger : the incomplete diplomat /

Detalhes bibliográficos
Autor principal: Kamath, M. V.
Formato: Printed Book
Idioma:English
Publicado em: Bombay : Jaico Pub. House, 1975.
LEADER 00397nam a2200121Ia 4500
008 150624b xxu||||| |||| 00| 0 eng d
100 |a Kamath, M. V. 
245 |a Kissinger :  |b the incomplete diplomat /  |c M. V. Kamath 
260 |a Bombay :  |b Jaico Pub. House,  |c 1975. 
300 |a 367 p. 
942 |c BK 
999 |c 15062  |d 15062 
952 |0 0  |1 0  |4 0  |7 0  |9 15061  |a UL  |b UL  |c ST2  |d 1998-09-01  |l 0  |p 22539  |r 2012-10-27  |w 2012-10-27  |y BK